000 00750nam a2200253Ia 4500
003 OSt
005 20220927105331.0
006 a|||||r|||| 00| 0
007 ta
008 220926b |||||||| |||| 00| 0 eng d
020 _a0712346104
024 _a191551
037 _cReference Collections
040 _aRTL
_cRTL
_beng
041 _2eng
_aeng
082 _a"Q4v, N9"
100 _aSALOMON Richard
_9371761
245 0 _aAncient Buddhist scrolls from Gandhara
_b The British Library Kharosthi Fragments
260 _aLondon
_bBritish Library
_c1999
300 _a"xx, 273p"
_ccm.
500 _aAppendix: P 183-248; Glossary: P 249-52
942 _h"Q4v, N9"
_cCC
999 _c691923
_d691923